000 01240nam1a2200337 4500
001 RU\NLR\BIBL_A\021976845
005 20241103085355.0
035 _a(NLR Aleph) 021976845
090 _a12384386
_c12384386
100 _a20230707g20239999u y0rusy50 ca
101 0 _arus
102 _aRU
105 _a| z |||||
181 0 _ai
_baxxe
182 0 _an
200 1 _aКардинальное исцеление
_eнесчастливые сценарии жизни
_fЕлена Кеменова
_g[стихи: Володина Марина]
203 _aТекст
_bвизуальный
_cнепосредственный
210 _aСаратов
_cАмирит
_d2023
215 _d21
517 1 _aНесчастливые сценарии жизни
606 _aЗдоровье
_9914972
_3RU\NLR\AUTH\6615228
606 1 _aБолезни
_xЭтиология и патогенез
_91158606
_3RU\NLR\AUTH\66145283
675 _a615.851
_v4
686 1 _aР120.4
686 1 _aР252.21
700 1 _aКеменова
_bЕ. М.
_f1979-
_gЕлена Михайловна
702 1 _aВолодина
_bМ.
_gМарина
_4570
852 _aNLR
_j2023-3/14628
942 _cBOOK